|
|
|
|
| LEADER |
02050nam a2200529 i 4500 |
| 001 |
001492081 |
| 003 |
CZ BrMZK |
| 005 |
20170110142209.0 |
| 007 |
ta |
| 008 |
151013s2005 it a g 000 f eng |
| 020 |
|
|
|z 978-88-530-0158-0
|q (brožováno)
|
| 040 |
|
|
|a BOA001
|b cze
|e rda
|
| 072 |
|
7 |
|a 811.111
|x Angličtina
|2 Konspekt
|9 11
|
| 072 |
|
7 |
|a 821.111-3
|x Anglická próza, anglicky psaná
|2 Konspekt
|9 25
|
| 080 |
|
|
|a 821.111-34
|2 MRF
|
| 080 |
|
|
|a 811.111
|2 MRF
|
| 080 |
|
|
|a 028.4-028.31/.32
|2 MRF
|
| 080 |
|
|
|a (0:82-34)
|2 MRF
|
| 080 |
|
|
|a (0.046.6)
|2 MRF
|
| 080 |
|
|
|a (07.063)81
|2 MRF
|
| 100 |
1 |
|
|a Brodey, Kenneth
|7 xx0033859
|4 aut
|
| 245 |
1 |
4 |
|a The fisherman and his soul /
|c Oskar Wilde ; text adaptation and activities by Kenneth Brodey
|
| 250 |
|
|
|a First edition
|
| 264 |
|
1 |
|a Genoa :
|b Black Cat,
|c 2005
|
| 300 |
|
|
|a 112 stran :
|b barevné ilustrace ;
|c 21 cm +
|e 1 CD-ROM
|
| 336 |
|
|
|a text
|b txt
|2 rdacontent
|
| 336 |
|
|
|a statický obraz
|b sti
|2 rdacontent
|
| 336 |
|
|
|a mluvené slovo
|b spw
|2 rdacontent
|
| 337 |
|
|
|a bez média
|b n
|2 rdamedia
|
| 337 |
|
|
|a počítač
|b c
|2 rdamedia
|
| 338 |
|
|
|a svazek
|b nc
|2 rdacarrier
|
| 338 |
|
|
|a počítačový disk
|b cd
|2 rdacarrier
|
| 490 |
1 |
|
|a Reading & training
|
| 500 |
|
|
|a Na obálce označení: step two B1.1
|
| 650 |
0 |
7 |
|a angličtina
|7 ph114056
|2 czenas
|
| 650 |
0 |
7 |
|a zjednodušená četba
|7 ph656682
|2 czenas
|
| 653 |
0 |
|
|a jazyková úroveň B1
|
| 655 |
|
7 |
|a anglické pohádky
|7 fd131809
|2 czenas
|
| 655 |
|
7 |
|a literární adaptace
|7 fd119387
|2 czenas
|
| 655 |
|
7 |
|a jazykové učebnice, texty, příručky (B)
|7 fd600891
|2 czenas
|
| 700 |
1 |
2 |
|a Wilde, Oscar,
|d 1854-1900.
|t Fisherman and his soul
|
| 830 |
|
0 |
|a Reading & training
|
| 910 |
|
|
|a BOA001
|b 2-1355.063
|b CDR-1355.063
|
| 990 |
|
|
|a BK
|
| 991 |
|
|
|b 201510
|c NOV
|x 99
|e n
|
| 996 |
7 |
|
|b 2610647257
|c 2-1355.063
|l Anglická knihovna/2.patro
|r ZHR
|n 12
|p kupz
|h AB
|w 001527094
|u 000010
|a 0
|e BOA001
|j MZK50
|s A
|
| 996 |
7 |
|
|b 2610647258
|c CDR-1355.063
|d CD
|l Anglická knihovna/2.patro
|r ZHR
|n 8
|p kupz
|h AB 223
|w 001527094
|u 000020
|a 0
|e BOA001
|j MZK50
|s A
|